000 00769nam a22002177a 4500
003 UA-OsUOA
001 115499
007 ta
008 20151223b un ||||| |||| 00| 0 ukr d
100 _aОдотюк І.В.
090 _a330(477)
_bО-44
942 _cSA
040 _aUA-OsUOA
_bukr
_cUA-OsUOA
_dUA-OsUOA
245 _aЕкономічні реалії державного регулювання високотехнологічного виробництва напередодні введення в дію нових умов господарювання
300 _aС.2-10
955 _a0
041 _aukr
080 _a330(477)
773 0 _w115498
_tПроблеми науки
_dК.
_d2015
_g10
650 7 _a330 Економіка взагалі
_2UDC
999 _c402127
_d402127